All Ferrari Formula 1 GP Winners - Statistics

General Stats
  • This quiz has been taken 405 times
  • The average score is 20 of 40
Answer Stats
Number of wins Driver % Correct
72 Schumacher
98%
5 Leclerc
96%
14 Vettel
96%
10 Raikkonen
92%
11 Alonso
89%
1 Sainz
88%
15 Lauda
84%
11 Massa
83%
5 Prost
79%
9 Barrichello
76%
3 Fangio
72%
13 Ascari
68%
1 Farina
60%
3 Mansell
56%
4 Irvine
55%
6 Villeneuve
55%
3 Scheckter
54%
3 Hill
52%
1 Alesi
51%
5 Berger
48%
1 Andretti
39%
4 Surtees
39%
4 Regazzoni
38%
3 Hawthorn
37%
6 Ickx
35%
2 Pironi
34%
3 Alboreto
33%
3 Arnoux
31%
5 Reutemann
27%
2 von Trips
22%
1 Bandini
21%
2 Tambay
19%
1 Musso
18%
1 Baghetti
17%
1 Taruffi
17%
2 Brooks
16%
2 Gonzalez
16%
1 Scarfiotti
16%
3 Collins
15%
1 Trintignant
15%
No matching quizzes found
Score Distribution
Percent of People with Each Score
Percentile by Number Answered
Your Score History
You have not taken this quiz